Vista normal
Vista MARC
Entrada Materia (personas)
Número de registros utilizados en: 1
001 - CONTROL NUMBER
- control field: 70707
003 - CONTROL NUMBER IDENTIFIER
- control field: Co-BoUCM
005 - DATE AND TIME OF LATEST TRANSACTION
- control field: 20150806184411.0
008 - FIXED-LENGTH DATA ELEMENTS
- fixed length control field: 150806|| aca||aabn | a|a d
040 ## - CATALOGING SOURCE
- Original cataloging agency: Co-BoUCM
- Transcribing agency: Co-BoUCM
100 ## - HEADING--PERSONAL NAME
- Personal name: Quintín Lame, Manuel
- Dates associated with a name: 1880-1967
- General subdivision: Pensamiento político y social
670 ## - SOURCE DATA FOUND
- Source citation: Work cat.: (Co-BoUCM)300413: Espinosa Arango, Mónica Lucía 70706, La civilización montés, 2009